MARC details
| 000 -CABECERA |
| campo de control de longitud fija |
00799nam a2200229 a 4500 |
| 005 - FECHA Y HORA DE LA ÚLTIMA TRANSACCIÓN |
| campo de control |
20210219160019.0 |
| 008 - ELEMENTOS DE LONGITUD FIJA--INFORMACIÓN GENERAL |
| campo de control de longitud fija |
080610s1985 mx r 000 0 spa d |
| 020 ## - NÚMERO INTERNACIONAL NORMALIZADO PARA LIBROS |
| Número Internacional Estándar del Libro |
9806048075 |
| 035 ## - NÚMERO DE CONTROL DEL SISTEMA |
| Número de control de sistema |
UPN01000156765 |
| 049 ## - COLECCIÓN |
| Colección |
UNE |
| 080 ## - NÚMERO DE CLASIFICACIÓN DECIMAL UNIVERSAL |
| Número de la Clasificación Decimal Universal |
378 (729.87) =20 WIL. |
| 100 1# - ASIENTO PRINCIPAL--NOMBRE PERSONAL |
| Nombre de persona |
Williams, Gwendoline |
| 245 10 - MENCIÓN DE TÍTULO |
| Título |
Higher education in Trinidad and Tobabo : |
| Resto del título |
a focus on organizational developmentand change / |
| Mención de responsabilidad, etc. |
by Gwendoline Williams, Claudia Harvey. |
| 260 ## - PUBLICACIÓN, DISTRIBUCIÓN, ETC. |
| Lugar de publicación, distribución, etc. |
Caracas : |
| Nombre del editor, distribuidor, etc. |
CRESALC ; |
| Lugar de publicación, distribución, etc. |
París, |
| Nombre del editor, distribuidor, etc. |
UNESCO, |
| Fecha de publicación, distribución, etc. |
1985. |
| 300 ## - DESCRIPCIÓN FÍSICA |
| Extensión |
145 p. : |
| Otras características físicas |
fots. |
| 440 #0 - MENCIÓN DE SERIE/ASIENTO SECUNDARIO--TÍTULO |
| Título |
Monografía |
| 690 ## - PUNTO DE ACCESO ADICIONAL DE MATERIA LOCAL--TÉRMINO DE MATERIA (OCLC, RLIN) |
| Término de materia o nombre geográfico como elemento inicial |
Enseñanza superior |
| 690 ## - PUNTO DE ACCESO ADICIONAL DE MATERIA LOCAL--TÉRMINO DE MATERIA (OCLC, RLIN) |
| Término de materia o nombre geográfico como elemento inicial |
Trinidad y Tobajo |
| 700 1# - ASIENTO SECUNDARIO--NOMBRE DE PERSONAL |
| Nombre de persona |
Harvey, Claudia, |
| Término indicativo de función/relación |
coaut. |
| 710 2# - ASIENTO SECUNDARIO - NOMBRE CORPORATIVO |
| Nombre de entidad corporativa o nombre de jurisdicción como elemento de entrada |
CRESALC. |
| Unidad subordinada |
Centro Regional para la Educación Superior en América Latina y el Caribe |
| 905 ## - TIPO DE MATERIAL |
| Tipo de material |
UNESCO |